000 00378nam a22001577a 4500
005 20160627160355.0
008 160627b xxu||||| |||| 00| 0 eng d
041 _aeng
082 _b10668
100 _aGiri, Prof. Mritunjay
_92985
245 _aHigher Secondary Accountancy
260 _bParul Prakashan
_c2008
300 _a16-112
650 _aManagement
_9241
942 _cBK
999 _c4318
_d4317